Inseln mit Anfangsbuchstabe N - Statistiken

Allgemein
  • Dieses Quiz wurde 41 mal gespielt
  • Das Durchschnittsergebnis liegt bei 7 aus 14
Antwortstatistiken
Hinweise Antwort % Korrekt
Die vom Phosphatabbau geprägte Pazifikinsel ist der drittkleinste Staat der Erde. Und der am wenigsten besuchte. Nauru
97%
Die Insel bildet zusammen mit St. Kitts einen Inselstaat in der Karibik. Nevis
83%
Die zweitgrößte Insel der Welt, die zur Hälfte zu Indonesien gehört, hat noch unerforschte Gebiete und über tausend indigene Sprachen. Neuguinea
78%
1797 wurde auf der Ostfriesischen Insel das erste deutsche Nordseebad eröffnet. Norderney
72%
Auf der zweitgrößten Insel Neuseelands gibt es aktive Vulkane und Geysire sowie die größte Stadt (Auckland) und die Hauptstadt (Wellington) zu sehen. Nordinsel
69%
Die Insel im Wattenmeer ist über 100 km von Hamburg entfernt, gehört aber dennoch zur Hansestadt. Neuwerk
58%
Die kanadische Insel vor Labrador hat mit L’Anse aux Meadows die einzige sicher nachgewiesene Wikinger-Siedlung in Nordamerika. Neufundland
53%
Nach der größten Kykladen-Insel ist eine Marmor-Art benannt, die seit der Antike dort abgebaut wird. Naxos
47%
Die kleine Insel 1400 km östlich des australischen Festlands heißt wie eine englische Grafschaft. Zu den vielen endemischen Arten gehört der größte Farn der Welt. Norfolk
42%
Isolierte Koralleninsel im Südpazifik, die autonom und mit Neuseeland assoziiert ist. Hier kann man mit Buckelwalen schwimmen. Niue
36%
"There once was a man from N________, who kept all of his cash in a bucket" beginnt ein Limerick über die US-Ostküsten-Insel. Nantucket
31%
Auf der drittgrößten Insel der Philippinen wird viel Zuckerrohr angebaut. Negros
19%
Die größte Insel des melanesischen Bismarck-Archipels hieß früher Neupommern. Bekannt ist der Feuertanz des hier lebenden Baining-Volks. Neubritannien
14%
Da auf der Insel die Hauptstadt Nassau liegt, ist sie die bevölkerungsreichste der Bahamas. New Providence Island
8%
Keine übereinstimmenden Quizze gefunden
Verteilung der Resultate
Anzahl Personen mit jedem Resultat
Perzentil nach korrekt beantworteten Fragen
Ihre Resultats-Entwicklung
Sie haben dieses Quiz noch nicht gespielt